000 00975nam a2200265Ia 4500
003 OSt
005 20221005112604.0
006 a|||||r|||| 00| 0
007 ta
008 221004b |||||||| |||| 00| 0 pan d
020 _a9789383437276 (hbk)
_cINR 195.00
024 _a44984
037 _b1068, 22/02/2019, H.K. Prakashan
_cTextual
040 _aCRL
_cCRL
_bpan
041 _2pan
_apan
082 _aO153,2NSA,GA, Q7
100 _aਸਾਵਣ, ਅFਵਨੀ ਕੁਮਾਰ, ਂਚ.
_9624363
245 0 _aਗਾਥਾ ਆਨੰਦਪੁਰ ਦੀ
260 _aਚੰਡੀਗੜ੍ਹ
_bਲੋਕਗੀਤ ਪ੍ਰਕਾFਨ ਭਾਰਤ
_c2017
300 _a72ਪ੍ਰ0
_ccm.
650 _a ਪੰਜਾਬੀ ਨਾਟਕ
650 _aਪੰਜਾਬੀ ਸਾਹਿਤ
942 _hO153,2NSA,GA, Q7
_cTEXL
_2cc
999 _c1025348
_d1025348